| 000 | 00491nam a22001577a 4500 | ||
|---|---|---|---|
| 003 | BD-ChCU | ||
| 005 | 20260519143834.0 | ||
| 008 | 260519b bg ||||| |||| 00| 0 ben d | ||
| 040 | _cBD-ChCU | ||
| 082 | _a330.973 UNE | ||
| 245 |
_aU.S. Congress , The economic reports of the president : _bas transmitted to the congress , January , 1949./ |
||
| 260 |
_aNew Yrok : _bHarcourt , _cC 1949. |
||
| 300 | _axxxvi , 333p. | ||
| 650 | 0 |
_aU.S. - Economic Conditions . _923199 |
|
| 942 |
_2ddc _cBK _n0 |
||
| 999 |
_c113082 _d113082 |
||